000 00572nam a2200193Ia 4500
003 GCL
008 140319s9999 xx 000 0 ara d
040 _aGCL /
_cGCL
082 0 4 _a811.009
_bى د
100 1 _aيوسف نوفل
245 1 0 _aديوان الشعر : فى الادب العربى الحديث /
_cيوسف نوفل
260 _a[S.N] :
_bدار النهضة العربية ،
_c1978
300 _a192 ص
490 _a
650 0 4 _aالشعر العربى
650 0 4 _aالعصر الحديث
650 0 4 _aتاريخ ونقد
942 _2ddc
_cBK
999 _c36847
_d36847